Image processing, analysis and machine vision (Record no. 3408)

MARC details
000 -LEADER
fixed length control field 00694nam a22002417a 4500
003 - CONTROL NUMBER IDENTIFIER
control field OSt
005 - DATE AND TIME OF LATEST TRANSACTION
control field 20220107122725.0
008 - FIXED-LENGTH DATA ELEMENTS--GENERAL INFORMATION
fixed length control field 131022b xxu||||| |||| 00| 0 eng d
020 ## - INTERNATIONAL STANDARD BOOK NUMBER
International Standard Book Number 9788131518830
040 ## - CATALOGING SOURCE
Transcribing agency IIITM-K
082 ## - DEWEY DECIMAL CLASSIFICATION NUMBER
Classification number 621.367 SON/I;1
100 ## - MAIN ENTRY--PERSONAL NAME
Personal name Sonka, Milan
9 (RLIN) 2527
245 ## - TITLE STATEMENT
Title Image processing, analysis and machine vision
Statement of responsibility, etc. by Milan Sonka, Vaclav Hlavac, Roger Boyle
250 ## - EDITION STATEMENT
Edition statement 3rd edition
260 ## - PUBLICATION, DISTRIBUTION, ETC.
Name of publisher, distributor, etc. Cengage Learning,
Place of publication, distribution, etc. U.S.A,
Date of publication, distribution, etc. 2008.
300 ## - PHYSICAL DESCRIPTION
Extent xxv, 829p.
650 ## - SUBJECT ADDED ENTRY--TOPICAL TERM
Topical term or geographic name entry element DATA COMPRESSION
9 (RLIN) 2528
650 ## - SUBJECT ADDED ENTRY--TOPICAL TERM
Topical term or geographic name entry element DIGITAL IMAGING
9 (RLIN) 2529
650 ## - SUBJECT ADDED ENTRY--TOPICAL TERM
Topical term or geographic name entry element IMAGE PROCESSING
9 (RLIN) 2530
700 ## - ADDED ENTRY--PERSONAL NAME
Personal name Hlavac, Vaclav
9 (RLIN) 2531
700 ## - ADDED ENTRY--PERSONAL NAME
Personal name Boyle, Roger
9 (RLIN) 2532
942 ## - ADDED ENTRY ELEMENTS (KOHA)
Source of classification or shelving scheme Dewey Decimal Classification
Koha item type Books
Holdings
Withdrawn status Lost status Source of classification or shelving scheme Damaged status Not for loan Collection code Home library Current library Shelving location Date acquired Total Checkouts Full call number Barcode Date due Date last seen Date last checked out Price effective from Koha item type
    Dewey Decimal Classification     Digital Image Processing Kerala University of Digital Sciences, Innovation and Technology Knowledge Centre Kerala University of Digital Sciences, Innovation and Technology Knowledge Centre Applied Electronics 22/10/2013 12 621.367 SON/I;1 3071 13/04/2026 30/03/2026 30/03/2026 22/10/2013 Books